EPIC: The Musical - Lyrics Sort #37 - Hold Them Down - Statistics

General Stats
  • This quiz has been taken 71 times
  • The average score is 35 of 49
Answer Stats
Hint Answer % Correct
Line 2 And shoot through twelve axes cleanly
95%
Line 4 Penelope as his queen
95%
Line 6 Screw this competition, we've been here for hours
95%
Line 1 Whoever can string the old king's bow
95%
Line 3 Will be the new king, sit down at the throne
95%
Line 9 Can't you guys see we're being played?
92%
Line 8 Screw this damn challenge, no more delays
92%
Line 12 Hold us down while the boy gets older
90%
Line 7 None of us can string this, we don't have the power
90%
Line 10 This is how they hold us down while the throne gets colder
90%
Line 5 Where is he? Where is the man who can string this bow? Oh-whoa
90%
Line 11 Hold us down while we slowly age
87%
Line 13 Where in the hell is our pride and our rage?
87%
Line 16 Here and now, burn it down to ashes [1]
79%
Line 19 Don't you know the prince is not around?
77%
Line 14 Here and now, there's a chance for action
77%
Line 15 Here and now, we can take control
77%
Line 20 I heard he's on a diplomatic mission
77%
Line 22 I say, we gather near the beaches
77%
Line 23 I say, we wait til he arrives
77%
Line 24 Then, when he docks his ship, we can breach it
77%
Line 21 And I heard today he comes back to town, so
74%
Line 18 Haven't you noticed who's missing?
74%
Line 25 Let us leave now, today we can strike and
74%
Line 17 Channel the fire inside your soul
72%
Line 26 Hold him down til the boy stops shakin'
72%
Line 27 Hold him down while I slit his throat
72%
Line 28 Hold him down while I slowly break his
72%
Line 29 Pride, his trust, his faith, and his bones
72%
Line 30 Cut him down into tiny pieces
67%
Line 34 And when the deed is done
64%
Line 33 Only the ocean and I will know
64%
Line 35 The queen will have no one
64%
Line 31 Throw him down in the great below
64%
Line 38 And then we'll hold her down while her gate is open
62%
Line 43 Here and now, we can take control (take control)
62%
Line 39 Hold her down while I get a taste
62%
Line 40 Hold her down while we share her spoils
62%
Line 41 I will not let any part go to waste
62%
Line 37 Stop us from takin' her love and more
62%
Line 32 When the crown wonders where the prince is
62%
Line 42 Here and now, there's a chance for action (chance for action)
59%
Line 36 To stop us from breakin' her bedroom door
59%
Line 44 Here and now, burn it down to ashes [2]
54%
Line 49 Channel the fire inside your soul, and (Hold 'em down, hold 'em down)
49%
Line 47 Hold 'em down, hold 'em down
38%
Line 45 Channel the fire inside your soul and
33%
Line 48 Hold 'em down, hold 'em down (hold 'em down)
26%
Line 46 Hold 'em down, hold 'em down (hold 'em down, oh)
21%
No matching quizzes found
Score Distribution
Percent of People with Each Score
Percentile by Number Answered
Your Score History
You have not taken this quiz